MARC

LEADER 00000nam0a2200000 4500
001 297848
005 20231102001040.0
020 |a RU  |b 84-49224 
035 |a (RuTPU)RU\TPU\book\322983 
090 |a 297848 
100 |a 20150611d1984 k y0rusy5003 ca 
101 0 |a rus 
102 |a RU 
105 |a a z 001zy 
200 1 |a Отсчетные устройства приборов и систем  |f В. И. Матвеев 
210 |a Москва  |c Машиностроение  |d 1984 
215 |a 143 с.  |c ил. 
225 1 |a Библиотека приборостроителя 
320 |a Библиогр.: с. 138-142 
606 1 |a Приборы  |x Отсчетные устройства  |2 stltpush  |3 (RuTPU)RU\TPU\subj\51626  |9 70199 
610 1 |a проектирование 
610 1 |a погрешности 
610 1 |a развитие 
610 1 |a регулирование 
675 |a 681.2.085  |z rus  |v 4 
700 1 |a Матвеев  |b В. И.  |g Валентин Иванович 
801 0 |a RU  |b RuMRKP  |c 19950704  |g psbo 
801 1 |a RU  |b 63413507  |c 20150611 
801 2 |a RU  |b 63413507  |c 20170727  |g RCR 
942 |c BK